Statistics for NHL - Player with most goals in a single season for each team

Click here to take the quiz!

General Stats

  • This quiz has been taken 708 times
  • The average score is 18 of 30

Answer Stats

Hint Answer % Correct
Edmonton Oilers92Wayne Gretzky
97%
Anaheim Ducks (Anaheim Mighty Ducks)52Teemu Selanne
94%
St.Louis Blues86Brett Hull
91%
Chicago Blackhawks58Bobby Hull
90%
Washington Capitals65Alex Ovechkin
88%
Pittsburgh Penguins85Mario Lemieux
88%
New York Islanders69Mike Bossy
80%
Colombus Blue Jackets41Rick Nash
78%
Detroit Red Wings65Steve Yzerman
78%
Florida Panthers59Pavel Bure
77%
Boston Bruins76Phil Esposito
76%
Tampa Bay Lightning60Steven Stamkos
75%
Montreal Canadiens60Guy Lafleur-Steve Shutt
71%
Winnipeg Jets (Atlanta Thrashers)52Ilya Kovalchuk
69%
Ottawa Senators50Dany Heatley
64%
Minnesota Wild42Marian Gaborik
61%
New York Rangers54Jaromir Jagr
56%
Buffalo Sabres76Alexander Mogilny
53%
San Jose Sharks56Jonathan Cheechoo
48%
Calgary Flames (Atlanta Flames)66Lanny McDonald
44%
Colorado Avalanche (Quebec Nordiques)57Michel Goulet
31%
Los Angeles Kings70Bernie Nicholls
30%
Dallas Stars (Minnesota North Stars)55Dino Ciccarelli-Brian Bellows
30%
Philadelphia Flyers61Reggie Leach
24%
Toronto Maple Leafs54Rick Vaive
18%
New Jersey Devils (Col. Rockies, KC Scouts)48Brian Gionta
14%
Nashville Predators33Jason Arnott
10%
Carolina Hurricanes (Hartford Whalers)56Blaine Stoughton
10%

Score Distribution

Percentile by Number Answered

Percent of People with Each Score

Your Score History

You have not taken this quiz